| 000 | 00643nam a2200193 a 4500 | ||
|---|---|---|---|
| 001 | 7735 | ||
| 003 | CO-ViMGA | ||
| 008 | 141112s2004 ck r 000 u spa d | ||
| 040 |
_aCO-ViMGA _bspa _cCO-ViMGA |
||
| 082 | 0 | 4 | _a324.2 D35r |
| 100 | 1 |
_aDELPAR, HELEN VICTORIA _97201 |
|
| 245 | 1 | 0 |
_aROJOS CONTRA AZULES : _bEL PARTIDO LIBERAL EN LA Política COLOMBIANA |
| 260 |
_aBogotá, _cTERCER MUNDO, _c1994 |
||
| 300 | _axlii, 550 p, 21 cm | ||
| 650 | 1 | 4 |
_aCOLOMBIA - Política Y GOBIERNO - 1863 - 1899 _97202 |
| 650 | 1 | 4 |
_aPARTIDO CONSERVADOR - COLOMBIA - HISTORIA _97203 |
| 650 | 1 | 4 |
_aPARTIDO LIBERAL - COLOMBIA - HISTORIA _97204 |
| 942 |
_2ddc _cBK |
||
| 999 |
_c19650 _d19650 |
||